Aniversario del Capitán General de Cataluña
Publicado:
San Jorge, núm. 86 - 87 (2n i 3r trimestre 1972), pàg 117 :
MARC
| LEADER | 00000nam a2200000Ia 4500 | ||
|---|---|---|---|
| 001 | |||
| 008 | 160829s9999 xx 000 0 cat d | ||
| 245 | |a Aniversario del Capitán General de Cataluña | ||
| 260 | |a San Jorge, núm. 86 - 87 (2n i 3r trimestre 1972), pàg 117 | ||
| 600 | 1 | 0 | |a Nogueras Márquez, Joaquín, |d 1906-1991 |x Aniversaris, etc. |9 56313 |
| 901 | |a Arxiu | ||
| 942 | |n 1 | ||
| 952 | |0 0 |1 0 |4 0 |7 1 |9 50400 |a Arxiu |b Arxiu |d 2016-12-01 |l 0 |r 2016-12-01 00:00:00 |w 2016-12-01 |y ARXIU | ||
| 999 | |c 54242 |d 54242 | ||